000
00225nam a2200097Ia 4500
008
190216s9999||||xx |||||||||||||| ||und||
100
_a
Nil
245
0
_a
History Of Civilization
260
_b
Publications Division
942
_c
BK
999
_c
19579
_d
19579